Harry Potter: Chapters in Order - Book 5 Quiz Stats

 Plays Quiz Updated Apr 23, 2018

Challenge
Share
Tweet
Embed
Score 0/38 Timer 07:00
1 Play Today
% Correct
???
97.2%
???
80.8%
???
74%
???
70.9%
???
63.2%
???
57.3%
???
52.2%
???
51.7%
???
48.4%
???
45%
???
43.5%
???
42.9%
???
40.7%
???
34.8%
???
30.9%
???
28.8%
???
26.8%
???
25%
???
22.3%
% Correct
???
20.6%
???
19.6%
???
19%
???
18.8%
???
18.2%
???
15.5%
???
12.5%
???
10.7%
???
9.3%
???
9.2%
???
8.4%
???
8.1%
???
8%
???
7.9%
???
7.8%
???
7.7%
???
7.5%
???
7.5%
???
7.4%

You're not logged in!

Compare scores with friends on all Sporcle quizzes.
OR
Log In

You Might Also Like...

Show Comments

Extras

Top Quizzes Today


Score Distribution

Your Account Isn't Verified!

In order to create a playlist on Sporcle, you need to verify the email address you used during registration. Go to your Sporcle Settings to finish the process.

Report this User

Report this user for behavior that violates our Community Guidelines.

Details: